[Event "17th EUR-ch"]
[Site "Gjakova KOS"]
[Date "2016.05.12"]
[Round "1.34"]
[White "Koka, Osman"]
[Black "Kobalia, Mikhail"]
[Result "0-1"]
[WhiteElo "2173"]
[BlackElo "2646"]
[EventDate "2016.05.12"]
[PlyCount "53"]

1.c4 e5 2.d3 Nc6 3.Nf3 Bc5 4.Nc3 d6 5.e3 Nge7 6.a3 a6 7.b4 Ba7 8.Qb3 O-O 
9.Be2 Kh8 10.Bb2 f5 11.b5 axb5 12.Nxb5 Bb6 13.O-O f4 14.exf4 Ng6 15.fxe5 
Nf4 16.Rfe1 dxe5 17.Qc2 Bg4 18.c5 Ba5 19.Red1 Qd5 20.d4 Nxe2+ 21.Qxe2 e4 
22.Qe3 exf3 23.Bc3 Rae8 24.Qc1 fxg2 25.Bxa5 Bxd1 26.Nxc7 Qxc5 27.dxc5 0-1

[Event "17th EUR-ch"]
[Site "Gjakova KOS"]
[Date "2016.05.12"]
[Round "1.35"]
[White "Melkumian, Hrant"]
[Black "Veleski, Robert"]
[Result "1-0"]
[WhiteElo "2646"]
[BlackElo "2169"]
[EventDate "2016.05.12"]
[PlyCount "189"]

1.e4 e5 2.Nf3 Nc6 3.Bc4 Bc5 4.O-O Nf6 5.d3 d6 6.c3 O-O 7.a4 a5 8.Bg5 h6 9.
Bh4 Qe7 10.Nbd2 Bg4 11.h3 Bh5 12.Re1 g5 13.Bg3 Bg6 14.Nf1 Nh5 15.Ne3 Bxe3 
16.Rxe3 Kg7 17.d4 f6 18.Bd5 Ra6 19.Bh2 Bf7 20.Re1 Kh7 21.Qd3 Raa8 22.Qb5 
Nd8 23.Bxf7 Qxf7 24.Rad1 Ng7 25.Nd2 b6 26.Nf1 Qe8 27.Qc4 Qc6 28.Qb3 Re8 
29.Ne3 Qd7 30.Rd2 Kg6 31.Nd5 Qf7 32.Qd1 Nde6 33.Kh1 Rf8 34.Ne3 Kh7 35.d5 
Nc5 36.Qc2 Qd7 37.Ra1 Kh8 38.g4 Rac8 39.b4 Nb7 40.Qd3 Ra8 41.Rda2 Ra7 42.
Qb5 Qf7 43.f3 Rfa8 44.Bg1 Qe8 45.Qxe8+ Nxe8 46.Nf5 Kh7 47.Bf2 Ng7 48.Ne3 
Kg6 49.Kg2 Rh8 50.Nc4 Rha8 51.Kf1 h5 52.Ke2 Rh8 53.Kd3 hxg4 54.hxg4 Rh3 
55.Ke2 Kf7 56.Rb2 Ra8 57.Rbb1 Rh2 58.Na3 Rah8 59.Nb5 Ne8 60.Na7 f5 61.gxf5
Nf6 62.Rg1 g4 63.Nb5 R8h3 64.Rxg4 Nxg4 65.fxg4 Rg3 66.Rh1 Rxh1 67.Bxg3 Kf6
68.Nxc7 Kg5 69.Kf3 Rc1 70.Ne6+ Kh6 71.bxa5 Rxc3+ 72.Kg2 bxa5 73.g5+ Kh5 
74.g6 Nc5 75.g7 Rxg3+ 76.Kxg3 Nxe4+ 77.Kf3 Nf6 78.Nc7 Kg5 79.Ne8 Ng8 80.f6
Kg6 81.Ke4 Nh6 82.Nxd6 Kxf6 83.Nc4 Kxg7 84.Kxe5 Kf7 85.Nxa5 Ke7 86.Nc4 Kd7
87.a5 Ng4+ 88.Kd4 Nf6 89.Nd2 Kc7 90.Ne4 Nd7 91.Kc4 Ne5+ 92.Kb5 Nf3 93.d6+ 
Kd7 94.a6 Nd4+ 95.Kb6 1-0

[Event "17th EUR-ch"]
[Site "Gjakova KOS"]
[Date "2016.05.12"]
[Round "1.37"]
[White "Kovalenko, Igor"]
[Black "Sejdiu, Bekim"]
[Result "1-0"]
[WhiteElo "2644"]
[BlackElo "2166"]
[EventDate "2016.05.12"]
[PlyCount "57"]

1.e4 e5 2.Nf3 Nf6 3.Nxe5 d6 4.Nf3 Nxe4 5.c4 Be7 6.d4 O-O 7.Bd3 Nf6 8.Nc3 
Re8 9.h3 c6 10.O-O h6 11.Re1 Bf8 12.Rxe8 Qxe8 13.Bf4 Na6 14.Qb3 Qd8 15.Re1
Nc7 16.a3 Ne6 17.Bh2 b6 18.Qd1 g6 19.Bc2 Bg7 20.d5 cxd5 21.Nxd5 Bf8 22.Nc3
Bb7 23.Bxg6 Bxf3 24.gxf3 Ng5 25.Bf5 Qc7 26.h4 Ngh7 27.Qd3 Be7 28.Bxh7+ 
Nxh7 29.Nd5 1-0

[Event "17th EUR-ch"]
[Site "Gjakova KOS"]
[Date "2016.05.12"]
[Round "1.38"]
[White "Gebigke, Martin"]
[Black "Volokytin, Andriy"]
[Result "0-1"]
[WhiteElo "2163"]
[BlackElo "2642"]
[EventDate "2016.05.12"]
[PlyCount "148"]

1.d4 Nf6 2.c4 e6 3.Nc3 Bb4 4.e3 O-O 5.Bd3 d5 6.Nf3 c5 7.O-O cxd4 8.exd4 
dxc4 9.Bxc4 Nbd7 10.Qb3 Bxc3 11.bxc3 Qc7 12.Re1 Nb6 13.Bf1 Bd7 14.c4 Rfd8 
15.a4 Bc6 16.a5 Nbd7 17.h3 Nf8 18.Rd1 Ng6 19.Bg5 Ne7 20.Ne5 Nf5 21.Nxc6 
bxc6 22.Qc3 h6 23.Bxf6 gxf6 24.Qf3 Kg7 25.d5 c5 26.Bd3 Nd4 27.Qg4+ Kf8 28.
dxe6 fxe6 29.a6 Qg7 30.Qxg7+ Kxg7 31.Be4 Rac8 32.Kf1 Nb3 33.Rab1 Nd2+ 34.
Rxd2 Rxd2 35.Rb7+ Kf8 36.Rxa7 f5 37.Bf3 Rb8 38.Kg1 Rb6 39.Ra8+ Kg7 40.a7 
Ra6 41.Re8 Rxa7 42.Rxe6 f4 43.Re5 Ra1+ 44.Kh2 Rxf2 45.h4 Ra5 46.Rf5 Rd2 
47.h5 Rd6 48.Kh3 Rd4 49.Bd5 Ra3+ 50.Kh2 Rg3 51.Rf7+ Kh8 52.Rf6 Kh7 53.Rc6 
Rg5 54.Rc7+ Kh8 55.Rxc5 Rxh5+ 56.Kg1 Re5 57.Rc7 Re1+ 58.Kh2 Rc1 59.Rf7 Rc3
60.Re7 Re3 61.Rf7 Re5 62.Kh3 Rh5+ 63.Kg4 Rg5+ 64.Kh3 Rd1 65.g4 fxg3 66.
Rf8+ Kh7 67.Rf7+ Kg6 68.Rf8 Rc1 69.Rg8+ Kf5 70.Rxg5+ hxg5 71.Kxg3 g4 72.
Bg8 Rc3+ 73.Kf2 Kf4 74.Bd5 Rc2+ 0-1

[Event "17th EUR-ch"]
[Site "Gjakova KOS"]
[Date "2016.05.12"]
[Round "1.39"]
[White "Kravtsiv, Martyn"]
[Black "Agushi, Agim"]
[Result "1-0"]
[WhiteElo "2641"]
[BlackElo "2135"]
[EventDate "2016.05.12"]
[PlyCount "75"]

1.e4 e5 2.Nf3 Nc6 3.Bc4 Be7 4.d4 d6 5.d5 Nb8 6.Bd3 Nf6 7.c4 Nbd7 8.Nc3 O-O
9.O-O Ne8 10.Rb1 c5 11.dxc6 bxc6 12.b4 Nb6 13.Be3 Be6 14.Qe2 Qc7 15.Rfc1 
Bg4 16.h3 Bc8 17.a4 Nf6 18.b5 c5 19.a5 Nbd7 20.Ra1 Rb8 21.Nd2 Re8 22.Nd5 
Qd8 23.a6 Nxd5 24.cxd5 Nb6 25.Nb3 Bd7 26.Na5 Bf8 27.Nc6 Bxc6 28.bxc6 Kh8 
29.Rab1 f5 30.exf5 e4 31.Bc4 Re5 32.Bf4 Rxf5 33.Qxe4 Qf6 34.Bg3 Rc8 35.
Rxb6 axb6 36.a7 Ra8 37.c7 Qg5 38.Ra1 1-0

[Event "17th EUR-ch"]
[Site "Gjakova KOS"]
[Date "2016.05.12"]
[Round "1.40"]
[White "Sahiti, Jahjush"]
[Black "Romanov, Evgeny"]
[Result "0-1"]
[WhiteElo "2121"]
[BlackElo "2641"]
[EventDate "2016.05.12"]
[PlyCount "104"]

1.e4 c5 2.Nf3 e6 3.d4 cxd4 4.Nxd4 a6 5.Be3 Nf6 6.Bd3 e5 7.Nf3 Nc6 8.Nc3 
Bb4 9.O-O Bxc3 10.bxc3 O-O 11.Bg5 h6 12.Bh4 d6 13.Qd2 Qe7 14.Qe3 Qe6 15.
Bxf6 Qxf6 16.Rfb1 Qd8 17.Bc4 Rb8 18.Qb6 Bg4 19.Qxd8 Rfxd8 20.Rb6 Na5 21.
Bd5 Be6 22.Bb3 Kf8 23.Rd1 Ke7 24.Bd5 Rd7 25.Kf1 Rc8 26.Bxe6 fxe6 27.Rd3 
Nc4 28.Rb3 b5 29.Nd2 Rdc7 30.Ke2 Nb6 31.Rg3 Kf7 32.Ra3 Ra7 33.Rd3 Rc6 34.
Rf3+ Ke8 35.Rb3 Rac7 36.Rg3 Na4 37.Nb1 Rc4 38.Re3 b4 39.a3 bxc3 40.f3 Kd7 
41.Rd3 Nc5 42.Rb4 Nxd3 43.Kxd3 Rxb4 44.axb4 Rb7 45.Kc4 a5 46.b5 d5+ 47.
exd5 exd5+ 48.Kc5 d4 49.b6 d3 50.Nxc3 dxc2 51.Na2 Kc8 52.Kb5 Rd7 0-1

[Event "17th EUR-ch"]
[Site "Gjakova KOS"]
[Date "2016.05.12"]
[Round "1.41"]
[White "Georgiev, Kiril"]
[Black "Tahiri, Daut"]
[Result "1-0"]
[WhiteElo "2640"]
[BlackElo "2112"]
[EventDate "2016.05.12"]
[PlyCount "23"]

1.d4 Nf6 2.Nf3 e6 3.Bf4 c5 4.e3 b6 5.Nbd2 Bb7 6.Nc4 d5 7.Nce5 a6 8.Ng5 Qc8
9.Nexf7 Rg8 10.Bd3 c4 11.Bxh7 Nxh7 12.Qh5 1-0

[Event "17th EUR-ch"]
[Site "Gjakova KOS"]
[Date "2016.05.12"]
[Round "1.42"]
[White "Berisha, Enver"]
[Black "Berkes, Ferenc"]
[Result "0-1"]
[WhiteElo "2097"]
[BlackElo "2636"]
[EventDate "2016.05.12"]
[PlyCount "88"]

1.d4 Nf6 2.Nf3 g6 3.Bg5 Bg7 4.Nbd2 d5 5.e3 O-O 6.Bd3 c5 7.c4 cxd4 8.exd4 
Nc6 9.c5 Bg4 10.Qa4 Bd7 11.Qb3 b6 12.cxb6 Qxb6 13.Qxb6 axb6 14.O-O Nb4 15.
Ne5 Nxd3 16.Bxf6 exf6 17.Nxd3 Bb5 18.Nb4 Bxf1 19.Kxf1 f5 20.Nb3 Rfd8 21.
Ke2 Bf8 22.Nc2 Bd6 23.g3 f4 24.Kd3 h5 25.a3 Kg7 26.Nd2 g5 27.Nf3 f6 28.
Nce1 Kg6 29.Rd1 Kf5 30.Nd2 Rh8 31.Nb1 h4 32.Nc3 hxg3 33.hxg3 fxg3 34.fxg3 
Rh1 35.Nxd5 Bxg3 36.Ne3+ Kg6 37.N1c2 Rxd1+ 38.Nxd1 f5 39.Nc3 g4 40.Ne3 Bf2
41.Ncd5 Bxe3 42.Nxe3 Kg5 43.Nc4 Re8 44.d5 g3 0-1

[Event "17th EUR-ch"]
[Site "Gjakova KOS"]
[Date "2016.05.12"]
[Round "1.43"]
[White "Hovhannisyan, Robert"]
[Black "Xheladini, Fikri"]
[Result "1-0"]
[WhiteElo "2632"]
[BlackElo "2094"]
[EventDate "2016.05.12"]
[PlyCount "95"]

1.d4 d5 2.c4 e6 3.Nf3 a6 4.cxd5 exd5 5.Nc3 Nf6 6.Bg5 Be7 7.e3 h6 8.Bh4 c6 
9.Bd3 Nbd7 10.Qc2 O-O 11.h3 Re8 12.O-O-O b5 13.Kb1 Bb7 14.g4 c5 15.Bxf6 
Bxf6 16.h4 c4 17.Bh7+ Kf8 18.g5 hxg5 19.hxg5 Bxg5 20.Rdg1 Bf6 21.Bf5 Bc6 
22.e4 dxe4 23.d5 Bb7 24.Bxe4 Nc5 25.Rh8+ Ke7 26.d6+ Kd7 27.Bxb7 Nxb7 28.
Rh5 Re6 29.Ne4 Rc8 30.Nfg5 Qe8 31.Nxe6 Qxe6 32.Re1 Qg4 33.Rd5 Kc6 34.d7 
Rd8 35.Red1 Be7 36.b3 Na5 37.R5d4 Qe6 38.Rd6+ Bxd6 39.Rxd6+ Qxd6 40.Nxd6 
Rxd7 41.Nf5 g6 42.Qe4+ Kc5 43.Qe3+ Kb4 44.Nd4 cxb3 45.axb3 Kc5 46.Nf3+ Kd6
47.Qd2+ Ke6 48.Qxa5 1-0

[Event "17th EUR-ch"]
[Site "Gjakova KOS"]
[Date "2016.05.12"]
[Round "1.46"]
[White "Murati, Ramush"]
[Black "Oleksiyenko, Mykhaylo"]
[Result "0-1"]
[WhiteElo "2067"]
[BlackElo "2622"]
[EventDate "2016.05.12"]
[PlyCount "144"]

1.e4 c5 2.Nf3 e6 3.Nc3 a6 4.a4 Nc6 5.Bc4 Nf6 6.O-O d5 7.exd5 exd5 8.Ba2 
Be7 9.d4 Bg4 10.Ne2 Bxf3 11.gxf3 c4 12.c3 O-O 13.Bg5 Nh5 14.Be3 Bd6 15.Kg2
Qh4 16.Rh1 f5 17.h3 Rae8 18.Kf1 Bf4 19.Nxf4 Nxf4 20.Qd2 Ne6 21.f4 g5 22.
Qc1 gxf4 23.Bd2 f3 24.Qd1 Qh5 25.Rg1+ Kh8 26.Rg3 f4 27.Qxf3 Rf5 28.Qxh5 
Rxh5 29.Rf3 Rf8 30.Re1 Rf6 31.b3 b5 32.axb5 axb5 33.bxc4 bxc4 34.Bb1 Ne7 
35.Re5 Rxe5 36.dxe5 Rf8 37.h4 Rb8 38.Bc2 Rb2 39.Bxf4 Rxc2 40.Bh6 Ng8 41.
Bg5 Nxg5 42.hxg5 Rc1+ 43.Ke2 Kg7 44.e6 Rc2+ 45.Kd1 Ra2 46.Rf7+ Kg6 47.f4 
Ra8 48.Rd7 Rf8 49.e7 Nxe7 50.Rxe7 Rxf4 51.Kd2 Re4 52.Rd7 Re5 53.Rd8 Kxg5 
54.Rg8+ Kh4 55.Rg1 h5 56.Rg2 Rg5 57.Re2 Kg3 58.Re1 h4 59.Rg1+ Kf4 60.Rf1+ 
Ke4 61.Rh1 Rg2+ 62.Kc1 Kd3 63.Rxh4 Kxc3 64.Rh3+ Kb4 65.Rh8 d4 66.Rh3 d3 
67.Rh8 c3 68.Rb8+ Ka5 69.Kb1 Rg1+ 70.Ka2 c2 71.Ra8+ Kb6 72.Rb8+ Ka7 0-1

[Event "17th EUR-ch"]
[Site "Gjakova KOS"]
[Date "2016.05.12"]
[Round "1.47"]
[White "Gabuzian, Hovhannes"]
[Black "Mahmuti, Ajet"]
[Result "1-0"]
[WhiteElo "2620"]
[BlackElo "2056"]
[EventDate "2016.05.12"]
[PlyCount "99"]

1.d4 Nf6 2.Nf3 g6 3.g3 Bg7 4.Bg2 O-O 5.O-O d5 6.c4 c6 7.Qb3 Qb6 8.Nc3 dxc4
9.Qxc4 Be6 10.Qa4 h6 11.e4 Na6 12.h3 Rad8 13.Rb1 Nb4 14.Be3 Bc4 15.d5 c5 
16.a3 Bxf1 17.axb4 Bxg2 18.bxc5 Qc7 19.Kxg2 a6 20.b4 Nd7 21.Qb3 Kh7 22.Bf4
Qc8 23.Na4 g5 24.Be3 e5 25.Nd2 f5 26.exf5 Nf6 27.Qc2 e4 28.Nxe4 Nxe4 29.
Qxe4 Qxf5 30.Qxf5+ Rxf5 31.d6 Kg8 32.b5 axb5 33.Rxb5 Rxd6 34.g4 Re5 35.
Rxb7 Rg6 36.Nb6 Re8 37.Nd5 Rge6 38.Nc7 R6e7 39.Nxe8 Rxb7 40.Nd6 Rc7 41.Kf3
Re7 42.Nf5 Re6 43.c6 Be5 44.Ke2 Bc7 45.Kd3 Re5 46.Kc4 h5 47.Bd4 Re4 48.Kd5
hxg4 49.Kxe4 gxh3 50.Be5 1-0

[Event "17th EUR-ch"]
[Site "Gjakova KOS"]
[Date "2016.05.12"]
[Round "1.48"]
[White "Kollari, Sulejman"]
[Black "Lupulescu, Constantin"]
[Result "0-1"]
[WhiteElo "2055"]
[BlackElo "2620"]
[EventDate "2016.05.12"]
[PlyCount "67"]

1.e4 c5 2.Nf3 Nc6 3.d4 cxd4 4.Nxd4 Nf6 5.Nc3 d6 6.Be3 Ng4 7.Bg5 Qb6 8.Bb5 
Bd7 9.Bxc6 bxc6 10.O-O h6 11.Bc1 g6 12.h3 Ne5 13.Nb3 Bg7 14.Be3 Qc7 15.Bd4
g5 16.f4 gxf4 17.Rxf4 Rg8 18.Qh5 O-O-O 19.Bxe5 Bxe5 20.Rxf7 Be8 21.Qf5+ 
Kb8 22.Rf8 Bd7 23.Rxd8+ Qxd8 24.Qh5 Rg5 25.Qxh6 Qg8 26.g4 Bxg4 27.hxg4 
Rxg4+ 28.Kf1 Qf7+ 29.Ke2 Rg2+ 30.Kd3 Rg3+ 31.Qe3 Rxe3+ 32.Kxe3 Qf4+ 33.Kd3
Qf3+ 34.Kc4 0-1

[Event "17th EUR-ch"]
[Site "Gjakova KOS"]
[Date "2016.05.12"]
[Round "1.49"]
[White "Nabaty, Tamir"]
[Black "Frick, Renato"]
[Result "1-0"]
[WhiteElo "2619"]
[BlackElo "2050"]
[EventDate "2016.05.12"]
[PlyCount "37"]

1.d4 Nf6 2.Nc3 d5 3.Bf4 e6 4.e3 c5 5.Nf3 Be7 6.dxc5 Bxc5 7.Bd3 O-O 8.O-O 
Nc6 9.e4 dxe4 10.Nxe4 Be7 11.Nxf6+ Bxf6 12.c3 e5 13.Be3 Qe7 14.Nd2 g6 15.
Ne4 Rd8 16.Qf3 Bg7 17.Bg5 f6 18.Bc4+ Be6 19.Nxf6+ 1-0

[Event "17th EUR-ch"]
[Site "Gjakova KOS"]
[Date "2016.05.12"]
[Round "1.50"]
[White "Hana, Arsim"]
[Black "Salgado Lopez, Ivan"]
[Result "0-1"]
[WhiteElo "2045"]
[BlackElo "2618"]
[EventDate "2016.05.12"]
[PlyCount "66"]

1.d4 Nf6 2.Nf3 g6 3.g3 c5 4.c3 b6 5.Bg2 Bb7 6.O-O Bg7 7.a4 Nc6 8.Ne5 d5 9.
Nxc6 Bxc6 10.b4 O-O 11.bxc5 bxc5 12.Ba3 cxd4 13.cxd4 Ne4 14.f3 Nd6 15.Qd3 
Nf5 16.e3 Bxa4 17.Bc5 Qd7 18.Nc3 Bb3 19.Rfe1 Bc4 20.Qc2 Rfc8 21.Bh3 Nxd4 
22.exd4 Qxh3 23.Rxa7 Rxa7 24.Bxa7 e6 25.Nd1 Ra8 26.Qb2 Qf5 27.Ne3 Qxf3 28.
Qb7 Rf8 29.Bc5 Bd3 30.Ng2 Be4 31.Qb2 Rc8 32.Qf2 Rxc5 33.Rxe4 Qxe4 0-1

[Event "17th EUR-ch"]
[Site "Gjakova KOS"]
[Date "2016.05.13"]
[Round "2.1"]
[White "Hracek, Zbynek"]
[Black "Navara, David"]
[Result "1/2-1/2"]
[WhiteElo "2598"]
[BlackElo "2735"]
[EventDate "2016.05.12"]
[PlyCount "54"]

1.e4 c5 2.Nf3 d6 3.d4 cxd4 4.Qxd4 Nf6 5.Bb5+ Bd7 6.c4 g6 7.Nc3 Bg7 8.Bxd7+
Nbxd7 9.O-O O-O 10.Qd3 Rc8 11.Bd2 Qc7 12.b3 Rfd8 13.Rac1 e6 14.Rfd1 a6 15.
h3 h6 16.Bf4 Ne5 17.Qe2 Nfd7 18.Be3 Nxf3+ 19.Qxf3 Qa5 20.Bd2 Qa3 21.Qe2 
Rc6 22.Rc2 Rdc8 23.Na4 b5 24.Bc1 Qb4 25.Bd2 Qa3 26.Bc1 Qb4 27.Bd2 Qa3 
1/2-1/2

[Event "17th EUR-ch"]
[Site "Gjakova KOS"]
[Date "2016.05.13"]
[Round "2.2"]
[White "Wojtaszek, Radoslaw"]
[Black "Saric, Ante"]
[Result "1-0"]
[WhiteElo "2722"]
[BlackElo "2594"]
[EventDate "2016.05.12"]
[PlyCount "71"]

1.c4 e6 2.Nc3 d5 3.d4 Be7 4.cxd5 exd5 5.Bf4 c6 6.Qc2 Nf6 7.h3 Qa5 8.Bd2 
O-O 9.e3 Qd8 10.Bd3 b6 11.Nf3 c5 12.dxc5 bxc5 13.b3 Nc6 14.Na4 Nb4 15.Bxb4
cxb4 16.Nd4 Bd7 17.Bb5 Rc8 18.Qd3 Ne4 19.O-O Nc3 20.Nxc3 Rxc3 21.Qe2 Bf6 
22.Rad1 Qe7 23.Bxd7 Qxd7 24.Qa6 Rfc8 25.Rd2 Rc1 26.Rfd1 h5 27.Qf1 R1c5 28.
Qe2 g6 29.Qf3 Kg7 30.Ne2 Rc2 31.Rxd5 Qb7 32.Nf4 R8c7 33.Nxh5+ gxh5 34.Qg3+
Kh6 35.Rd6 R2c6 36.Qf4+ 1-0

[Event "17th EUR-ch"]
[Site "Gjakova KOS"]
[Date "2016.05.13"]
[Round "2.3"]
[White "Kunin, Vitaly"]
[Black "Vitiugov, Nikita"]
[Result "1/2-1/2"]
[WhiteElo "2595"]
[BlackElo "2721"]
[EventDate "2016.05.12"]
[PlyCount "153"]

1.d4 Nf6 2.c4 e6 3.Nf3 d5 4.Nc3 Nbd7 5.Bg5 c6 6.e3 Qa5 7.Nd2 Bb4 8.Qc2 O-O
9.Be2 e5 10.Bxf6 Nxf6 11.dxe5 Ne4 12.Ndxe4 dxe4 13.O-O Bxc3 14.Qxc3 Qxc3 
15.bxc3 Re8 16.Rfd1 Kf8 17.Rab1 Rxe5 18.Rd8+ Re8 19.Rxe8+ Kxe8 20.c5 b6 
21.f3 bxc5 22.fxe4 Be6 23.Rb2 Kd7 24.Kf2 Kd6 25.Bd3 Ke5 26.Bc2 Rd8 27.Ke1 
h5 28.Rb7 Rd7 29.Rxd7 Bxd7 30.Kf2 h4 31.Kf3 f6 32.g3 hxg3 33.hxg3 Be8 34.
a3 Bh5+ 35.Kf2 g5 36.Bd3 Bd1 37.Kg2 c4 38.Bxc4 Kxe4 39.Kf2 Ba4 40.Bf1 a5 
41.c4 Bb3 42.Bg2+ Kd3 43.Bxc6 Bxc4 44.Bd7 Kc3 45.Ke1 Bb3 46.Bf5 Ba4 47.Bg6
Bc2 48.Bf7 Be4 49.Be6 Bd3 50.Bf7 Bc4 51.Bg6 Bb3 52.Bf5 Kb2 53.Kd2 Kxa3 54.
Kc3 Ka2 55.Be4 a4 56.Bf5 Ka1 57.Bg6 Bd1 58.Bf5 Bb3 59.Bg6 Ba2 60.Be8 a3 
61.Kc2 Be6 62.Bb5 Ka2 63.Bd3 Bd5 64.Bf5 Bf7 65.Bd3 Be6 66.Be4 Bb3+ 67.Kc1 
Bc4 68.Kc2 Be6 69.Bd3 f5 70.Kc3 Ka1 71.Kc2 Ka2 72.Kc3 Bd7 73.Kc2 Ba4+ 74.
Kc3 Bd7 75.Kc2 Ka1 76.Kb3 a2 77.Kc2 1/2-1/2

[Event "17th EUR-ch"]
[Site "Gjakova KOS"]
[Date "2016.05.13"]
[Round "2.4"]
[White "Ponomariov, Ruslan"]
[Black "Alexandrov, Alexei"]
[Result "1-0"]
[WhiteElo "2715"]
[BlackElo "2592"]
[EventDate "2016.05.12"]
[PlyCount "137"]

1.d4 Nf6 2.c4 e6 3.Nf3 d5 4.g3 dxc4 5.Bg2 Nc6 6.O-O Rb8 7.e3 b5 8.b3 cxb3 
9.axb3 a6 10.Qe2 Bb7 11.Bd2 Ne4 12.Rc1 Qc8 13.Be1 Bd6 14.Nh4 f5 15.Qh5+ 
Ke7 16.Nd2 Nf6 17.Qg5 Nd8 18.e4 Nf7 19.Qe3 fxe4 20.Nxe4 Nxe4 21.Bxe4 Bxe4 
22.Qxe4 Qb7 23.Rc6 Nd8 24.d5 Nxc6 25.dxc6 Qa7 26.Bc3 Qc5 27.Bxg7 Qd5 28.
Qxd5 exd5 29.Nf5+ Ke6 30.Nd4+ Kf7 31.Bxh8 Rxh8 32.Rxa6 Rb8 33.Ra5 Be5 34.
Rxb5 Rd8 35.Nc2 Ke6 36.Nb4 Bc3 37.Nd3 Kd6 38.Kg2 Ra8 39.Nf4 Ra5 40.Rxa5 
Bxa5 41.Kf3 Kxc6 42.Ke2 Kd6 43.Kd3 c5 44.Ng2 Ke6 45.Ne3 Bd8 46.f4 h5 47.
Ke2 Bc7 48.Kf3 Bd6 49.h3 Bc7 50.g4 hxg4+ 51.hxg4 Bd8 52.g5 c4 53.f5+ Ke5 
54.g6 Bf6 55.b4 c3 56.Ke2 Bg7 57.b5 c2 58.Kd2 d4 59.Nc4+ Kxf5 60.Kxc2 Kf6 
61.Kd3 Ke6 62.Ke4 Kd7 63.Na5 Bh8 64.Kd5 d3 65.Nb3 Kc7 66.Kc5 Kd7 67.Kc4 
Ke7 68.Kxd3 Kf6 69.Ke4 1-0

[Event "17th EUR-ch"]
[Site "Gjakova KOS"]
[Date "2016.05.13"]
[Round "2.5"]
[White "Prohaszka, Peter"]
[Black "Vallejo Pons, Francisco"]
[Result "1/2-1/2"]
[WhiteElo "2593"]
[BlackElo "2700"]
[EventDate "2016.05.12"]
[PlyCount "36"]

1.d4 Nf6 2.Nf3 e6 3.g3 d5 4.Bg2 b5 5.O-O Nbd7 6.Bf4 Bb7 7.Nbd2 c5 8.c3 Be7
9.a4 cxd4 10.cxd4 Ba6 11.Rc1 bxa4 12.Bc7 Qc8 13.Bd6 Qb7 14.Bxe7 Kxe7 15.
Qxa4 Rhc8 16.Rxc8 Rxc8 17.Re1 Qc6 18.Qa1 Qb6 1/2-1/2

[Event "17th EUR-ch"]
[Site "Gjakova KOS"]
[Date "2016.05.13"]
[Round "2.6"]
[White "Ragger, Markus"]
[Black "Demchenko, Anton"]
[Result "1/2-1/2"]
[WhiteElo "2696"]
[BlackElo "2589"]
[EventDate "2016.05.12"]
[PlyCount "71"]

1.d4 Nf6 2.c4 g6 3.Nc3 Bg7 4.e4 O-O 5.Nf3 d6 6.Be2 e5 7.O-O Na6 8.Be3 c6 
9.d5 Ng4 10.Bg5 f6 11.Bh4 c5 12.Ne1 Nh6 13.Nd3 g5 14.Bg3 f5 15.exf5 Nxf5 
16.Ne1 Nc7 17.Nc2 Ne8 18.Ne4 h6 19.Ne3 Nf6 20.Bd3 Nxe4 21.Bxe4 Qf6 22.Rb1 
Bd7 23.a3 Rac8 24.Nxf5 Bxf5 25.Qd3 g4 26.f3 Qg6 27.Rbe1 gxf3 28.Rxf3 Bxe4 
29.Qxe4 Kh7 30.b4 b6 31.b5 a6 32.a4 Qxe4 33.Rxe4 axb5 34.axb5 Ra8 35.Bh4 
Rxf3 36.gxf3 1/2-1/2

[Event "17th EUR-ch"]
[Site "Gjakova KOS"]
[Date "2016.05.13"]
[Round "2.7"]
[White "Kozul, Zdenko"]
[Black "Matlakov, Maxim"]
[Result "0-1"]
[WhiteElo "2591"]
[BlackElo "2693"]
[EventDate "2016.05.12"]
[PlyCount "60"]

1.Nf3 d5 2.g3 Bg4 3.Bg2 c6 4.d3 Nf6 5.O-O Nbd7 6.h3 Bh5 7.g4 Bg6 8.Nh4 e5 
9.e3 Bd6 10.c4 dxc4 11.Nxg6 hxg6 12.dxc4 Qe7 13.g5 Nh5 14.Nc3 O-O-O 15.Ne4
Bc7 16.Qa4 f5 17.gxf6 gxf6 18.b4 Kb8 19.Ba3 f5 20.Nc5 Nxc5 21.bxc5 e4 22.
Rab1 Ka8 23.Rb3 Bb8 24.Bb2 Rhf8 25.Qb4 Rd7 26.f4 g5 27.Be5 gxf4 28.Bxb8 
Kxb8 29.exf4 Rg8 30.Kh2 Nxf4 0-1

[Event "17th EUR-ch"]
[Site "Gjakova KOS"]
[Date "2016.05.13"]
[Round "2.8"]
[White "Fressinet, Laurent"]
[Black "Stefansson, Hannes"]
[Result "1-0"]
[WhiteElo "2692"]
[BlackElo "2581"]
[EventDate "2016.05.12"]
[PlyCount "51"]

1.e4 c5 2.Nf3 e6 3.d4 cxd4 4.Nxd4 Nc6 5.Nc3 Qc7 6.Be3 a6 7.Qf3 Nf6 8.O-O-O
Nxd4 9.Bxd4 e5 10.Qg3 d6 11.Be3 b5 12.f4 Bb7 13.Bd3 Nh5 14.Qg4 Nxf4 15.
Bxf4 exf4 16.Nd5 Qd8 17.Rhe1 h5 18.Qxf4 Bxd5 19.exd5+ Be7 20.Re3 Kf8 21.
Rde1 Bf6 22.Re8+ Qxe8 23.Rxe8+ Rxe8 24.Qxd6+ Kg8 25.Qxa6 Be5 26.Bxb5 1-0

[Event "17th EUR-ch"]
[Site "Gjakova KOS"]
[Date "2016.05.13"]
[Round "2.9"]
[White "Hammer, Jon Ludvig"]
[Black "Antipov, Mikhail"]
[Result "1/2-1/2"]
[WhiteElo "2689"]
[BlackElo "2576"]
[EventDate "2016.05.12"]
[PlyCount "60"]

1.d4 Nf6 2.c4 e6 3.Nf3 Bb4+ 4.Nbd2 O-O 5.a3 Be7 6.e4 d6 7.Be2 a5 8.O-O a4 
9.e5 dxe5 10.dxe5 Nfd7 11.Ne4 Nc6 12.Bf4 Nc5 13.Qc2 Nd4 14.Nxd4 Qxd4 15.
Nxc5 Qxf4 16.Nd3 Qf5 17.Qc3 Bd7 18.Bf3 Rad8 19.Rad1 Bc6 20.Bxc6 bxc6 21.c5
f6 22.Nb4 Rxd1 23.Rxd1 fxe5 24.Rf1 e4 25.Nxc6 Bxc5 26.Nd4 Qd5 27.Nc2 e5 
28.Ne3 Qd4 29.Qc1 Bb6 30.Rd1 Qc5 1/2-1/2

[Event "17th EUR-ch"]
[Site "Gjakova KOS"]
[Date "2016.05.13"]
[Round "2.10"]
[White "Inarkiev, Ernesto"]
[Black "Svetuschin, Dumitru"]
[Result "1-0"]
[WhiteElo "2686"]
[BlackElo "2575"]
[EventDate "2016.05.12"]
[PlyCount "71"]

1.e4 e5 2.Nf3 Nc6 3.Bb5 a6 4.Ba4 Nf6 5.O-O Be7 6.d3 b5 7.Bb3 O-O 8.Nc3 Bb7
9.a3 d6 10.Ba2 Qd7 11.Ng5 Nd4 12.f4 c5 13.Ne2 Rae8 14.Ng3 exf4 15.Bxf4 Bd8
16.Qd2 d5 17.c3 Nc6 18.exd5 Nxd5 19.N5e4 Nxf4 20.Qxf4 Ne5 21.Rad1 g6 22.d4
cxd4 23.Rxd4 Qe7 24.Rxd8 Rxd8 25.Nf6+ Kg7 26.Qg5 Qc5+ 27.Kh1 Nd3 28.Nfh5+ 
Kg8 29.Qf6 Nf2+ 30.Rxf2 Rd1+ 31.Nf1 gxh5 32.Bxf7+ Rxf7 33.Qxf7+ Kh8 34.
Qe8+ Kg7 35.Rf7+ Kh6 36.Qe6+ 1-0

[Event "17th EUR-ch"]
[Site "Gjakova KOS"]
[Date "2016.05.13"]
[Round "2.11"]
[White "Brkic, Ante"]
[Black "Cheparinov, Ivan"]
[Result "1-0"]
[WhiteElo "2584"]
[BlackElo "2685"]
[EventDate "2016.05.12"]
[PlyCount "77"]

1.e4 c5 2.Nf3 d6 3.d4 cxd4 4.Nxd4 Nf6 5.Nc3 a6 6.Be3 Ng4 7.Bc1 Nf6 8.Be3 
e5 9.Nb3 Be6 10.f3 Be7 11.Qd2 O-O 12.O-O-O Nbd7 13.g4 b5 14.g5 Nh5 15.Kb1 
Nb6 16.Nd5 Nxd5 17.exd5 Bd7 18.Na5 Rc8 19.Rg1 g6 20.Bd3 f6 21.gxf6 Bxf6 
22.Be4 Nf4 23.Bxf4 exf4 24.Nc6 Qe8 25.Qxf4 Bxc6 26.dxc6 Be5 27.Qd2 Kg7 28.
Rg4 Bf6 29.Qxd6 Rd8 30.Qc7+ Rf7 31.Rxd8 Bxd8 32.Qd6 Bc7 33.Qd4+ Be5 34.Qd2
Rf6 35.Rg1 Rd6 36.Qa5 Qf7 37.Qxa6 Bxh2 38.Rh1 b4 39.Qb7 1-0

[Event "17th EUR-ch"]
[Site "Gjakova KOS"]
[Date "2016.05.13"]
[Round "2.12"]
[White "Fedoseev, Vladimir"]
[Black "Vocaturo, Daniele"]
[Result "1/2-1/2"]
[WhiteElo "2685"]
[BlackElo "2574"]
[EventDate "2016.05.12"]
[PlyCount "93"]

1.e4 c5 2.Nf3 e6 3.Nc3 Nc6 4.Bb5 Nge7 5.O-O a6 6.Bxc6 Nxc6 7.d4 cxd4 8.
Nxd4 Be7 9.Nxc6 dxc6 10.e5 Qxd1 11.Rxd1 f5 12.Be3 b5 13.Ne2 c5 14.h4 Bd7 
15.Bg5 Bf8 16.Rd2 h6 17.Be3 Bc6 18.Rad1 Kf7 19.h5 Be7 20.Nf4 Rhc8 21.Ng6 
Bd5 22.b3 c4 23.Rxd5 exd5 24.Rxd5 cxb3 25.cxb3 Ke8 26.e6 Rc6 27.Nxe7 Kxe7 
28.Rd7+ Kxe6 29.Rxg7 Ke5 30.g3 Re8 31.Kg2 Ree6 32.Rd7 Ke4 33.Rd4+ Ke5 34.
Rd7 Ke4 35.a4 Rcd6 36.Rh7 Kd3 37.axb5 axb5 38.b4 Kc4 39.Bc5 Rc6 40.Kf3 
Rxc5 41.bxc5 b4 42.Kf4 Rc6 43.Kxf5 Rxc5+ 44.Kg6 Rc6+ 45.Kf5 Rc5+ 46.Kg6 
Rc6+ 47.Kf5 1/2-1/2

[Event "17th EUR-ch"]
[Site "Gjakova KOS"]
[Date "2016.05.13"]
[Round "2.13"]
[White "Palac, Mladen"]
[Black "Naer, Evgeny"]
[Result "1/2-1/2"]
[WhiteElo "2577"]
[BlackElo "2681"]
[EventDate "2016.05.12"]
[PlyCount "128"]

1.e4 c5 2.Nf3 d6 3.d4 cxd4 4.Nxd4 Nf6 5.Nc3 a6 6.Be3 e5 7.Nf3 Be7 8.Bc4 
O-O 9.O-O Be6 10.Bxe6 fxe6 11.Na4 Ng4 12.Qd3 Nxe3 13.Qxe3 b5 14.Nb6 Ra7 
15.Nd5 Rb7 16.Qd3 Nd7 17.Rad1 Nc5 18.Nxe7+ Rxe7 19.Qe3 Qc7 20.Ne1 Nb7 21.
c3 Na5 22.Nd3 Nc4 23.Qe2 Qb7 24.b3 Nb6 25.Qe3 Qc7 26.f3 Nd7 27.Rc1 d5 28.
Rfd1 a5 29.h3 h6 30.Nb2 Qc6 31.Nd3 Rc8 32.Rd2 Ree8 33.Rdc2 Qd6 34.c4 bxc4 
35.bxc4 d4 36.Qd2 Nc5 37.Rb2 Nxd3 38.Qxd3 Rc5 39.Rb5 Rec8 40.Qa3 d3 41.
Rxc5 Qxc5+ 42.Qxc5 Rxc5 43.Kf2 d2 44.Rd1 Rxc4 45.Rxd2 Kf7 46.Ke3 Kf6 47.
Kd3 Ra4 48.Ke3 h5 49.h4 g5 50.hxg5+ Kxg5 51.g3 Ra3+ 52.Kf2 h4 53.Kg2 h3+ 
54.Kxh3 Rxf3 55.Rc2 Ra3 56.Rc5 Kf6 57.Kh4 Rxa2 58.g4 Rh2+ 59.Kg3 Ra2 60.
Kh4 a4 61.g5+ Kg7 62.Rxe5 a3 63.Ra5 Kg6 64.Kg4 Rg2+ 1/2-1/2